000
00272cam a22000977a 4500
008
180718b1984 xxu||||| |||| 00| 0 eng d
082
_a
F5x5433 In2
245
_a
White paper on the Punjab agitation
260
_a
Delhi
_b
The Controller of Publications
_c
1984
300
_a
170+p.
999
_c
490556
_d
490556